00583nam a22001817a 450000500170000001000140001702000260003103500130005703700130007008200170008310000190010024500710011926000530019027000800024330000250032350000500034870000030039820100730145419.0 aENG-97471 a9789380431017c400.00 aEN-81004 bDBAD/PUB a305.23095482 aAlex, Gebriele aLearning and embodying cast, class and gender /cby Gabriele Alex  aChennai bNational Folklore Support Centrec2009 a508, Fifth Floor, Kaveri Complex, 96, Mahatma Gandhi RoadbChennai e600034 a207 p.c24 cm (Pbk)  aIncludes bibliographical references and index